[Event "EU-Cup 35th"]
[Site "Ulcinj"]
[Date "2019.11.16"]
[Round "7.23"]
[White "Jakubiec, Edyta"]
[Black "Verkasalo, Tommi"]
[Result "0-1"]
[WhiteElo "2229"]
[BlackElo "2185"]
[PlyCount "72"]
[EventDate "2019.11.10"]
[EventType "team-swiss"]
[EventRounds "7"]
[EventCountry "MNE"]
[SourceTitle "EXT 2021"]
[Source "ChessBase"]
[SourceDate "2020.10.23"]
[SourceVersion "1"]
[SourceVersionDate "2020.10.23"]
[SourceQuality "1"]
[WhiteTeam "Viking CC"]
[BlackTeam "Ninja"]
[WhiteTeamCountry "ISL"]
[BlackTeamCountry "FIN"]

1. e4 d6 2. d4 g6 3. g3 Bg7 4. Bg2 Nd7 5. Ne2 e5 6. dxe5 dxe5 7. h3 Ngf6 8. 0-0 0-0 9. Be3 Qe7 10. Nbc3 c6 11. a4 Nc5 12. Qc1 a5 13. b3 Nh5 14. Qa3 b6 15. b4 Ne6 16. bxa5 Qxa3 17. Rxa3 bxa5 18. g4 Nhf4 19. Nxf4 exf4 20. Bc1 Nd4 21. Bxf4 Nxc2 22. Ra2 Nb4 23. Ra3 Be6 24. Nb1 Rfd8 25. Rg3 Bc4 26. Rc1 Nd3 27. Rxc4 Nxf4 28. Rb3 Rd1+ 29. Bf1 Rad8 30. f3 Bd4+ 31. Rxd4 R8xd4 32. Nc3 Nxh3+ 33. Kg2 Nf4+ 34. Kf2 R1d2+ 35. Ke3 g5 36. Rb8+ Rd8 0-1

[Event "EU-Cup 34th"]
[Site "Porto Carras"]
[Date "2018.10.14"]
[Round "3.5"]
[White "Verkasalo, Tommi"]
[Black "Zlatin, Alexander"]
[Result "0-1"]
[WhiteElo "2195"]
[BlackElo "2249"]
[PlyCount "108"]
[EventDate "2018.10.12"]
[EventType "team-swiss"]
[EventRounds "7"]
[EventCountry "GRE"]
[SourceTitle "CBM 187"]
[Source "ChessBase"]
[SourceDate "2018.12.11"]
[SourceVersion "1"]
[SourceVersionDate "2018.12.11"]
[SourceQuality "1"]
[WhiteTeam "Comeon"]
[BlackTeam "Rehovot"]
[WhiteTeamCountry "FIN"]
[BlackTeamCountry "ISR"]

1. Nf3 Nf6 2. g3 d5 3. Bg2 e6 4. 0-0 Be7 5. d3 0-0 6. Nbd2 c5 7. e4 Nc6 8. Re1 b5 9. exd5 exd5 10. c4 Rb8 11. b3 Bf5 12. Nf1 bxc4 13. dxc4 d4 14. Nh4 Bg4 15. Bf3 Qd7 16. Nd2 Rfe8 17. Ne4 Bxf3 18. Nxf3 Nxe4 19. Rxe4 Bf6 20. Rxe8+ Rxe8 21. Ba3 Qf5 22. Ne1 d3 23. Rc1 Nd4 24. Qxd3 Qxd3 25. Nxd3 Ne2+ 26. Kf1 Nxc1 27. Bxc1 Bd4 28. Ba3 Rc8 29. Ke2 f6 30. g4 Rc6 31. Kf3 Kf7 32. Ke4 Ra6 33. Nxc5 Rxa3 34. Kxd4 Rxa2 35. Nd3 Ke6 36. b4 Ra1 37. Nf4+ Kd7 38. Nh5 Rf1 39. Nxg7 Rxf2 40. Nh5 Rxh2 41. Nxf6+ Ke6 42. Ne4 Rh4 43. Ng5+ Kf6 44. Ne4+ Ke6 45. Ng5+ Ke7 46. Kd5 Rxg4 47. Nf3 h5 48. b5 h4 49. c5 Rf4 50. Ne5 Rf5 51. b6 axb6 52. cxb6 Kd8 53. Kd6 Rxe5 54. Kxe5 h3 0-1

[Event "FIN-chT 1415"]
[Site "Finland"]
[Date "2014.09.27"]
[Round "1.7"]
[White "Verkasalo, Tommi"]
[Black "Varpanen, Jan"]
[Result "0-1"]
[WhiteElo "2194"]
[BlackElo "1957"]
[PlyCount "86"]
[EventDate "2014.09.27"]
[EventType "team-tourn"]
[EventRounds "11"]
[EventCountry "FIN"]
[SourceTitle "EXT 2016"]
[Source "ChessBase"]
[SourceDate "2015.10.08"]
[SourceVersion "1"]
[SourceVersionDate "2015.10.08"]
[SourceQuality "1"]
[WhiteTeam "Porvoo Velhot"]
[BlackTeam "Helsinki HSK"]
[WhiteTeamCountry "FIN"]
[BlackTeamCountry "FIN"]

1. e4 e5 2. Nf3 Nc6 3. Bc4 Bc5 4. b4 Bxb4 5. c3 Be7 6. d4 Na5 7. Be2 d6 8. dxe5 dxe5 9. Qxd8+ Bxd8 10. Nxe5 Be7 11. Nd2 Nf6 12. Ndc4 Nxc4 13. Bxc4 0-0 14. 0-0 Nxe4 15. Re1 Nd6 16. Bd5 Bf6 17. Ba3 Be6 18. Bxe6 fxe6 19. Rad1 Rfd8 20. Bxd6 cxd6 21. Nc4 d5 22. Ne5 Rac8 23. Re3 Bxe5 24. Rxe5 Kf7 25. f4 Rxc3 26. f5 exf5 27. Rxf5+ Ke6 28. Rh5 h6 29. Re1+ Kd6 30. Rxd5+ Kxd5 31. Rd1+ Ke6 32. Rxd8 Rc1+ 33. Kf2 Rc2+ 34. Kf3 Rxa2 35. Rb8 Rb2 36. h4 a5 37. Ra8 Rb3+ 38. Kg4 Rb4+ 39. Kh5 a4 40. g4 Kf7 41. Ra5 g6+ 42. Kxh6 Rxg4 43. h5 Rh4 0-1

[Event "EU-Cup 28th"]
[Site "Eilat"]
[Date "2012.10.17"]
[Round "7.4"]
[White "Farleigh, Richard"]
[Black "Verkasalo, Tommi"]
[Result "1-0"]
[WhiteElo "2184"]
[BlackElo "2185"]
[PlyCount "101"]
[EventDate "2012.10.11"]
[EventType "team-swiss"]
[EventRounds "7"]
[EventCountry "ISR"]
[SourceTitle "CBM 151"]
[Source "ChessBase"]
[SourceDate "2012.11.13"]
[SourceVersion "1"]
[SourceVersionDate "2012.11.13"]
[SourceQuality "1"]
[WhiteTeam "Monte Carlo"]
[BlackTeam "Shakkivelhot"]
[WhiteTeamCountry "MNC"]
[BlackTeamCountry "FIN"]

1. d4 c5 2. d5 d6 3. e4 Nf6 4. Nc3 g6 5. Nf3 Bg7 6. Bb5+ Bd7 7. a4 0-0 8. 0-0 Na6 9. Re1 Bg4 10. Be2 Nb4 11. h3 Bd7 12. Bf1 e6 13. dxe6 Bxe6 14. Bg5 h6 15. Bh4 g5 16. Bg3 d5 17. exd5 Nfxd5 18. Nxd5 Qxd5 19. c3 Nc6 20. Qxd5 Bxd5 21. Bd6 Rfd8 22. Bxc5 Bxf3 23. gxf3 Ne5 24. Re3 Rd2 25. Rae1 f6 26. R1e2 Rd1 27. Re1 Rd2 28. R1e2 Rd1 29. Kg2 Ng6 30. Re1 Rd2 31. Re8+ Rxe8 32. Rxe8+ Kf7 33. Rc8 Nh4+ 34. Kg3 Kg6 35. f4 Rd1 36. Be2 Rg1+ 37. Kh2 Rg2+ 38. Kh1 gxf4 39. Bxa7 Rg5 40. Rc5 f5 41. Rb5 f3 42. Bf1 Kh5 43. Be3 Rg6 44. Bc4 Rd6 45. Bf7+ Ng6 46. Rxf5+ Kh4 47. Bxg6 Rxg6 48. Rxf3 Be5 49. Bd4 Bb8 50. Bf6+ Kh5 51. Rf5+ 1-0

[Event "EU-Cup 28th"]
[Site "Eilat"]
[Date "2012.10.16"]
[Round "6.4"]
[White "Dolzhikova, Olga"]
[Black "Verkasalo, Tommi"]
[Result "1-0"]
[WhiteElo "2286"]
[BlackElo "2185"]
[PlyCount "67"]
[EventDate "2012.10.11"]
[EventType "team-swiss"]
[EventRounds "7"]
[EventCountry "ISR"]
[SourceTitle "CBM 151"]
[Source "ChessBase"]
[SourceDate "2012.11.13"]
[SourceVersion "1"]
[SourceVersionDate "2012.11.13"]
[SourceQuality "1"]
[WhiteTeam "Oslo Schakselskap"]
[BlackTeam "Shakkivelhot"]
[WhiteTeamCountry "NOR"]
[BlackTeamCountry "FIN"]

1. e4 c5 2. c3 d5 3. exd5 Qxd5 4. d4 Nf6 5. Nf3 e6 6. Bd3 Nc6 7. 0-0 Be7 8. a3 0-0 9. Be3 Rd8 10. Qe2 b6 11. Rd1 cxd4 12. cxd4 Bb7 13. Nc3 Qd6 14. Rac1 Rac8 15. Bb1 Na5 16. Ba2 Nd5 17. Nb5 Qb8 18. Ne5 a6 19. Rxc8 Qxc8 20. Rc1 Qa8 21. Nc3 Bf6 22. Ng4 Be7 23. b4 Nxe3 24. Qxe3 Nc6 25. d5 exd5 26. Nxd5 Bd6 27. Ngf6+ gxf6 28. Nxf6+ Kf8 29. Nxh7+ Kg7 30. Qg5+ Kxh7 31. Bb1+ f5 32. Bxf5+ Kh8 33. Qh6+ Kg8 34. Be6# 1-0

[Event "Jyvaskyla We JyS A"]
[Site "Jyvaskyla"]
[Date "2012.01.29"]
[Round "5"]
[White "Torkkola, Henri"]
[Black "Verkasalo, Tommi"]
[Result "0-1"]
[WhiteElo "2045"]
[BlackElo "2152"]
[PlyCount "52"]
[EventDate "2012.01.27"]
[EventType "swiss"]
[EventRounds "5"]
[EventCountry "FIN"]
[SourceTitle "EXT 2022"]
[Source "ChessBase"]
[SourceDate "2021.10.06"]
[SourceVersion "1"]
[SourceVersionDate "2021.10.06"]
[SourceQuality "1"]

1. d4 g6 2. g3 Bg7 3. Bg2 d6 4. Nf3 Nd7 5. c4 e5 6. e4 Ne7 7. 0-0 0-0 8. Nc3 exd4 9. Nxd4 Nc6 10. Be3 Nde5 11. Nxc6 bxc6 12. c5 Ba6 13. Ne2 dxc5 14. Bxc5 Re8 15. Qc2 Bd3 16. Qd1 Nc4 17. Re1 Nxb2 18. Qb3 Rb8 19. Qa3 Nc4 20. Qxa7 Bxa1 21. Nf4 Rb1 22. Rxb1 Bxb1 23. Qa6 Qd1+ 24. Bf1 Nd2 25. Qd3 Bxd3 26. Ng2 Qxf1# 0-1

[Event "San Sebastian op 34th"]
[Site "San Sebastian"]
[Date "2011.04.22"]
[Round "8"]
[White "Verkasalo, Tommi"]
[Black "Severri Arrese, Carlos"]
[Result "1-0"]
[WhiteElo "2156"]
[BlackElo "2013"]
[PlyCount "59"]
[EventDate "2011.04.16"]
[EventType "swiss"]
[EventRounds "9"]
[EventCountry "ESP"]
[SourceTitle "CBM 141 Extra"]
[Source "ChessBase"]
[SourceDate "2011.05.03"]
[SourceVersion "1"]
[SourceVersionDate "2011.05.03"]
[SourceQuality "1"]

1. e4 g6 2. Nc3 d6 3. f4 Bg7 4. Nf3 c6 5. d4 d5 6. e5 Nh6 7. Be3 Bg4 8. Bd3 Nd7 9. h3 Bxf3 10. Qxf3 e6 11. g4 Qb6 12. 0-0 Qxb2 13. Ne2 Qa3 14. Rab1 b5 15. f5 exf5 16. gxf5 Nxf5 17. Bxf5 gxf5 18. Rb3 Qe7 19. Ng3 Rg8 20. Nxf5 Qe6 21. Nd6+ Kd8 22. Kh1 f6 23. Rc3 Nb8 24. Nb7+ Kc7 25. Nc5 Qc8 26. e6 Kb6 27. a4 a6 28. Ra1 Bf8 29. axb5 cxb5 30. Na4+ 1-0

[Event "San Sebastian op 34th"]
[Site "San Sebastian"]
[Date "2011.04.20"]
[Round "5"]
[White "Verkasalo, Tommi"]
[Black "Rodriguez Montes, Sostenes"]
[Result "1-0"]
[WhiteElo "2156"]
[BlackElo "1770"]
[PlyCount "47"]
[EventDate "2011.04.16"]
[EventType "swiss"]
[EventRounds "9"]
[EventCountry "ESP"]
[SourceTitle "CBM 141 Extra"]
[Source "ChessBase"]
[SourceDate "2011.05.03"]
[SourceVersion "1"]
[SourceVersionDate "2011.05.03"]
[SourceQuality "1"]

1. e4 c5 2. Nc3 Nc6 3. f4 g6 4. Nf3 Bg7 5. Bb5 a6 6. Bxc6 bxc6 7. 0-0 d6 8. d3 Nf6 9. e5 dxe5 10. fxe5 Nd5 11. Ne4 Bg4 12. Qe1 Nb4 13. Qe2 Bxe5 14. Bh6 f6 15. h3 Bxf3 16. Rxf3 Qd4+ 17. Kh1 Qxb2 18. Re1 0-0-0 19. a3 Nd5 20. d4 Qxd4 21. Qxa6+ Kd7 22. c3 Nxc3 23. Rxc3 Rb8 24. Rd3 1-0

[Event "FIN-chT 0910"]
[Site "Finland"]
[Date "2009.09.19"]
[Round "1.8"]
[White "Puittinen, Mika"]
[Black "Verkasalo, Tommi"]
[Result "1/2-1/2"]
[WhiteElo "2135"]
[BlackElo "2118"]
[PlyCount "77"]
[EventDate "2009.09.19"]
[EventType "team-tourn"]
[EventRounds "9"]
[EventCountry "FIN"]
[SourceTitle "EXT 2022"]
[Source "ChessBase"]
[SourceDate "2021.10.06"]
[SourceVersion "1"]
[SourceVersionDate "2021.10.06"]
[SourceQuality "1"]
[WhiteTeam "Helsinki Aatos"]
[BlackTeam "Porvoo Velhot"]
[WhiteTeamCountry "FIN"]
[BlackTeamCountry "FIN"]

1. e4 c5 2. c3 d5 3. exd5 Qxd5 4. d4 Nf6 5. Nf3 e6 6. c4 Qd8 7. Be2 Nc6 8. Be3 cxd4 9. Nxd4 Bc5 10. Nc2 Qxd1+ 11. Bxd1 Bxe3 12. Nxe3 Ke7 13. Nc3 Nd4 14. Nc2 Nxc2+ 15. Bxc2 b6 16. 0-0-0 Bb7 17. f3 Rhd8 18. Rxd8 Rxd8 19. Rd1 Rxd1+ 20. Kxd1 g5 21. Ke2 h6 22. b4 Nd7 23. Ke3 f5 24. a3 f4+ 25. Kd4 e5+ 26. Kd3 Nf6 27. h3 h5 28. Ke2 g4 29. hxg4 hxg4 30. Be4 gxf3+ 31. gxf3 Bxe4 32. Nxe4 Nxe4 33. fxe4 Kf6 34. Kf3 Kg5 35. Ke2 Kf6 36. Kf3 Ke6 37. Ke2 Ke7 38. Kf3 Kd6 39. Ke2 1/2-1/2

[Event "Heart of Finland op 18th"]
[Site "Jyvaskyla"]
[Date "2008.07.14"]
[Round "5"]
[White "Verkasalo, Tommi"]
[Black "Visti, Heikki"]
[Result "1-0"]
[WhiteElo "2097"]
[BlackElo "2029"]
[PlyCount "97"]
[EventDate "2008.07.12"]
[EventType "swiss"]
[EventRounds "9"]
[EventCountry "FIN"]
[SourceTitle "CBM 125 Extra"]
[Source "ChessBase"]
[SourceDate "2008.09.01"]
[SourceVersion "1"]
[SourceVersionDate "2008.09.01"]
[SourceQuality "1"]

1. e4 d5 2. exd5 Nf6 3. d4 Nxd5 4. Nf3 Bf5 5. Nh4 Bd7 6. c4 e6 7. Nf3 Bb4+ 8. Bd2 Bxd2+ 9. Qxd2 Ne7 10. Nc3 c6 11. Bd3 b6 12. 0-0-0 Bc8 13. Qf4 Ng6 14. Qg3 Qf6 15. Kb1 Qf4 16. Bxg6 Qxg3 17. Bxf7+ Kxf7 18. hxg3 Nd7 19. Ne4 Ba6 20. b3 h6 21. Kc2 Kg6 22. Kc3 Rhf8 23. Nh4+ Kh7 24. f4 Nf6 25. Rde1 Rad8 26. Nf3 Kg8 27. Nf2 Bc8 28. Ne5 Bb7 29. Nfd3 c5 30. dxc5 Ne4+ 31. Kc2 bxc5 32. Re3 Rc8 33. g4 Nd6 34. Nd7 Rfe8 35. Rh2 Ne4 36. g3 Red8 37. N7e5 Rc7 38. Rhe2 Nd6 39. Ng6 Bc8 40. Rd2 Nf7 41. Nge5 Rd6 42. Nxf7 Kxf7 43. Ne5+ Ke7 44. Ng6+ Kd7 45. Rxd6+ Kxd6 46. Rd3+ Kc6 47. Rd8 Bb7 48. Ne5+ Kb6 49. Rd6+ 1-0

[Event "Prague op-A 07th"]
[Site "Prague"]
[Date "2008.01.15"]
[Round "5"]
[White "Verkasalo, Tommi"]
[Black "Steinhauser, Dominik"]
[Result "1-0"]
[WhiteElo "2103"]
[BlackElo "1905"]
[PlyCount "37"]
[EventDate "2008.01.11"]
[EventType "swiss"]
[EventRounds "9"]
[EventCountry "CZE"]
[SourceTitle "CBM 122 Extra"]
[Source "ChessBase"]
[SourceDate "2008.03.04"]
[SourceVersion "1"]
[SourceVersionDate "2008.03.04"]
[SourceQuality "1"]

1. e4 c5 2. Nc3 Nc6 3. f4 g6 4. Nf3 Bg7 5. Bb5 d6 6. 0-0 e6 7. Bxc6+ bxc6 8. d3 Ne7 9. Qe1 0-0 10. e5 Nd5 11. Ne4 Nb4 12. Qf2 c4 13. a3 d5 14. axb4 dxe4 15. dxe4 Qe7 16. Be3 Rd8 17. c3 Rd7 18. Bc5 Qd8 19. Bxa7 1-0

[Event "Ylivieska We Shakkilaakso"]
[Site "Ylivieska"]
[Date "2008.??.??"]
[Round "2"]
[White "Kauppila, Osmo"]
[Black "Verkasalo, Tommi"]
[Result "1-0"]
[WhiteElo "2300"]
[BlackElo "2103"]
[PlyCount "35"]
[EventDate "2008.??.??"]
[EventType "swiss"]
[EventRounds "7"]
[EventCountry "FIN"]
[SourceTitle "EXT 2010"]
[Source "ChessBase"]
[SourceDate "2010.11.25"]
[SourceVersion "1"]
[SourceVersionDate "2010.11.25"]
[SourceQuality "1"]

1. d4 d5 2. c4 dxc4 3. Nf3 Nf6 4. e3 e6 5. Bxc4 c5 6. 0-0 a6 7. e4 Nxe4 8. d5 exd5 9. Bxd5 Nd6 10. Bg5 f6 11. Re1+ Be7 12. Bf4 Nf7 13. Bxf7+ Kxf7 14. Qb3+ Kf8 15. Nc3 Nc6 16. Rad1 Qa5 17. Nd5 Bg4 18. Qxb7 1-0

[Event "FIN-chT 0708"]
[Site "Finland"]
[Date "2007.09.15"]
[Round "1.7"]
[White "Hynninen, Juha"]
[Black "Verkasalo, Tommi"]
[Result "1-0"]
[WhiteElo "2137"]
[BlackElo "2109"]
[PlyCount "103"]
[EventDate "2007.09.15"]
[EventType "team-tourn"]
[EventRounds "9"]
[EventCountry "FIN"]
[SourceTitle "EXT 2022"]
[Source "ChessBase"]
[SourceDate "2021.10.06"]
[SourceVersion "1"]
[SourceVersionDate "2021.10.06"]
[SourceQuality "1"]
[WhiteTeam "Salo SK"]
[BlackTeam "Jyvaskyla JyS"]
[WhiteTeamCountry "FIN"]
[BlackTeamCountry "FIN"]

1. e4 c5 2. Nf3 Nc6 3. d4 cxd4 4. Nxd4 g6 5. Nc3 Bg7 6. Be3 Nf6 7. Bc4 0-0 8. Bb3 d6 9. f3 Bd7 10. Qd2 Qa5 11. 0-0-0 Rfc8 12. h4 Ne5 13. g4 b5 14. h5 Nc4 15. Bxc4 bxc4 16. Bh6 Bh8 17. Nf5 Re8 18. Qg5 Bxf5 19. exf5 Rab8 20. hxg6 fxg6 21. Qe3 e6 22. fxe6 d5 23. e7 Qb6 24. Qxb6 Rxb6 25. g5 Nh5 26. Rxd5 Bxc3 27. bxc3 Rxe7 28. Rd8+ Kf7 29. Rf8+ Ke6 30. Re1+ Kd7 31. Rxe7+ Kxe7 32. Rc8 Ke6 33. Rxc4 Rb7 34. Rd4 Rf7 35. Ra4 Ng3 36. c4 Kd6 37. Ra6+ Kc5 38. Rf6 Rd7 39. Bf8+ Kxc4 40. Rf4+ Kd5 41. c4+ Ke6 42. Rf6+ Ke5 43. Bd6+ Rxd6 44. f4+ Ke4 45. Rxd6 Kxf4 46. Rd7 Ne4 47. Rxh7 Kxg5 48. Rxa7 Kf4 49. a4 g5 50. a5 Nc5 51. a6 Kg3 52. Ra8 1-0